000 01437nam a2200349 a 4500
001 ebr10359153
003 CaPaEBR
006 m u
007 cr cn|||||||||
008 090910s2009 enka sb 001 0beng
010 _z 2009279007
015 _aGBA933985
_2bnb
016 7 _z015104125
_2Uk
020 _z9781848850460
020 _z1848850468
040 _aCaPaEBR
_cCaPaEBR
035 _a(OCoLC)608549168
043 _ae-sw---
050 1 4 _aPN1998.3.B47
_bM33 2009eb
082 0 4 _a791.430233092
_222
100 1 _aMacnab, Geoffrey,
_d1965-
245 1 0 _aIngmar Bergman
_h[electronic resource] :
_bthe life and films of the last great European director /
_cGeoffrey Macnab.
260 _aLondon ;
_aNew York :
_bI.B. Tauris ;
_aNew York :
_bDistributed in the United States and Canada Exclusively by Palgrave Macmillan,
_c2009.
300 _ax, 242 p. :
_bill.
504 _aIncludes bibliographical references and index.
533 _aElectronic reproduction.
_bPalo Alto, Calif. :
_cebrary,
_d2013.
_nAvailable via World Wide Web.
_nAccess may be limited to ebrary affiliated libraries.
600 1 0 _aBergman, Ingmar,
_d1918-2007.
650 0 _aMotion picture producers and directors
_zSweden
_vBiography.
655 7 _aElectronic books.
_2local
710 2 _aebrary, Inc.
856 4 0 _uhttp://site.ebrary.com/lib/rucke/Doc?id=10359153
_zAn electronic book accessible through the World Wide Web; click to view
999 _c208903
_d208903